Score 0/15 Timer 01:30
0 Plays Today
% Correct
On the house
95.6%
On the ropes
88.4%
On the fence
86.1%
On the air
82.9%
On the wagon
80.2%
On the docket
74%
On the scene
73%
On the brink
70.4%
% Correct
On the take
69.8%
On the Road
69.5%
On the fringe
69.4%
On the fritz
69.3%
On the lam
68.6%
On the up and up
68.1%
On the table
68%

Today's Daily Dose

Remove Ads.
Support Sporcle.
Get the best of Sporcle when you Go Orange. This ad-free experience offers more features, more stats, and more fun while also helping to support Sporcle. Thank you for becoming a member.

You're not logged in!

Compare scores with friends on all Sporcle quizzes.
OR
Log In

Show Comments

Extras

Top Quizzes Today


Score Distribution

Your Account Isn't Verified!

In order to create a playlist on Sporcle, you need to verify the email address you used during registration. Go to your Sporcle Settings to finish the process.

Report this User

Report this user for behavior that violates our Community Guidelines.

Details: